KOHA-Header-6

Marketing Research (Record no. 6130)

000 -LEADER
fixed length control field 00265nam a2200109Ia 4500
008 - FIXED-LENGTH DATA ELEMENTS--GENERAL INFORMATION
fixed length control field 190906s9999||||xx |||||||||||||| ||und||
100 ## - MAIN ENTRY--PERSONAL NAME
Personal name Aaker.Kumar .Day
245 #0 - TITLE STATEMENT
Title Marketing Research
260 ## - PUBLICATION, DISTRIBUTION, ETC. (IMPRINT)
Place of publication, distribution, etc New Jersey
Name of publisher, distributor, etc Willey Student
Date of publication, distribution, etc 2001
300 ## - PHYSICAL DESCRIPTION
Extent 750
942 ## - ADDED ENTRY ELEMENTS (KOHA)
Koha item type Books
Holdings
Withdrawn status Lost status Damaged status Not for loan Permanent Location Current Location Date acquired Full call number Barcode Date last seen Price effective from Koha item type
        MAJU MAJU 2019-09-06 658.83 5311 2019-09-06 2019-09-06 Books

Powered by Koha